00812nam a22001937a 4500999001900000005001700019010001500036020003100051035001400082037001300096082001400109100001900123245010700142260004400249270007700293300008200370942002800452952013800480 c178478d17847820210331155755.0 aENG-129362 a978-93-5388-306-5c1195.00 aEN-112894 bDBAD/PUB a338.95483 aPrakash, B. A. aLocal Finance, Fiscal Decentralization and Decentralised Planning: a Kerala Experience/cB. A. Prakash aNew DelhibSage Publication Indiac2020 aB1/1-1 Mohan Cooperative Industrial Area Mathura RoadbNew Delhie110044 axix+229p.c22cm(hbk)bIncluding tables, bibliographical references and index. 2ddccENh338.95483mPRA 001040708NFICaBNbBNd2021-03-31eDBAD/PUBg1195.00l0o338.95483 PRApEN-112894r2021-03-31 00:00:00t1v1195.00w2021-03-31yEN